000 00467nam a2200181Ia 4500
008 240925s9999 xx 000 0 und d
020 _a442019092
082 _a720.222 CHI
100 _aChing ,Frances D.K
245 0 _aDesign Drawing
250 _aNA
260 _aWokingham:
_bVan Nostrand Reinhold
_c,1998.
300 _axiv,466p.
_bNA
_fOriginal
500 _aIncludes Index
600 _aHumanities & Natural Science
650 _aArchitecture
942 _cBK
999 _c4425
_d4425